Phương pháp phân tích vi sinh vật trong nước thực phẩm và mĩ phẩm
Các chỉ tiêu vi sinh vật thường được kiểm soát trong nước, thực phẩm và mỹ phẩm, các yêu cầu cơ bản trong việc thành lập và vận hành một phòng kiểm nghiệm vi sinh vật. Nội dung về phương pháp thu, bảo quản và chuẩn bị mẫu. Các kỹ thuật trong phân tích kiểm nghiệm. Quy trình phân tích các chỉ tiêu cù...
Αποθηκεύτηκε σε:
| Κύριος συγγραφέας: | |
|---|---|
| Μορφή: | Βιβλίο |
| Γλώσσα: | Vietnamese |
| Έκδοση: |
H.
Giáo dục
2002
|
| Θέματα: | |
| Ετικέτες: |
Προσθήκη ετικέτας
Δεν υπάρχουν, Καταχωρήστε ετικέτα πρώτοι!
|
| Thư viện lưu trữ: | Mạng thư viện Đại học Đà Nẵng |
|---|
| LEADER | 01656nam a2200373 4500 | ||
|---|---|---|---|
| 001 | 000008967 | ||
| 003 | 5161 | ||
| 005 | 20111024091047.0 | ||
| 008 | 111024s2002 viesd | ||
| 020 | |c 21000đ | ||
| 041 | 0 | |a vie | |
| 082 | |a 572 |b TR-T | ||
| 100 | 0 | |a Trần Linh Thước | |
| 245 | 0 | |a Phương pháp phân tích vi sinh vật trong nước thực phẩm và mĩ phẩm |c Trần Linh Thước | |
| 260 | |a H. |b Giáo dục |c 2002 | ||
| 300 | |a 232tr : ảnh, hình vẽ |c 24cm | ||
| 500 | |a Thư mục: tr. 230-231 | ||
| 520 | |a Các chỉ tiêu vi sinh vật thường được kiểm soát trong nước, thực phẩm và mỹ phẩm, các yêu cầu cơ bản trong việc thành lập và vận hành một phòng kiểm nghiệm vi sinh vật. Nội dung về phương pháp thu, bảo quản và chuẩn bị mẫu. Các kỹ thuật trong phân tích kiểm nghiệm. Quy trình phân tích các chỉ tiêu cùng các phương pháp không truyền thông | ||
| 653 | |a Vi sinh vật | ||
| 653 | |a Thực phẩm | ||
| 653 | |a Công nghiệp thực phẩm | ||
| 653 | |a Phương pháp phân tích | ||
| 700 | |a Trần Linh Thước |e Tác giả | ||
| 910 | |a MPhuong |d 24/10 | ||
| OWN | |a LSP | ||
| AVA | |a UDN50 |b LSP |d 572 TR-T |e available |t Error 5001 Not defined in file expand_doc_bib_avail. |f 4 |g 0 |h N |i 0 |k 1 | ||
| 999 | |a From the UDN01 | ||
| AVA | |a UDN50 |b LSP |d 572 TR-T |e available |t Error 5001 Not defined in file expand_doc_bib_avail. |f 4 |g 0 |h N |i 0 |k 1 | ||
| TYP | |a Monograph | ||
| TYP | |a Printed language | ||
| 980 | |a Mạng thư viện Đại học Đà Nẵng | ||